000 00812nam a2200289Ia 4500
005 20260324112530.0
008 008 260324s9999 xx 000 0 eng d
020 _a9780367814748
037 _aEBOOK
040 _aCRL
040 _beng
040 _cCRL
041 _2eng
041 _aeng
084 _qCRL
100 _aAltaf Engineer; Aletheia Ida; Esther M. Sternberg; Wooyoung Jung
_91143089
245 0 _aMeasuring the Impact of the Built Environment on Health, Wellbeing, and Performance
245 0 _bTechniques, Methods, and Implications for Design Research
260 _bTaylor and Francis
260 _c2024
365 _a
365 _b83.99
856 _uhttp://www.taylorfrancis.com/books/9780367814748
942 _cEBOOK
999 _c1732331
_d1732331